| 000 | 00924nam a2200289 a 4500 | ||
|---|---|---|---|
| 001 | 61017 | ||
| 003 | BD-RjUL | ||
| 005 | 20211209080919.0 | ||
| 008 | 170114s2004 enka bd 001 0 eng | ||
| 020 | _a1403915318 (pbk.) | ||
| 035 | _a(BD-RjUL)61141 | ||
| 040 |
_aDLC _cDLC _dBD-RjUL _beng |
||
| 041 | _aeng | ||
| 082 | 0 | 0 |
_a650.03 _223 _bSUK 2004 |
| 100 | 1 |
_aSutherland, Jonathan. _9176918 |
|
| 245 | 1 | 0 |
_aKey concepts in business practice / _cJonathan Sutherland and Diane Canwell. |
| 260 |
_aLondon : _bPalgrave Macmillan, _cc2004. |
||
| 300 |
_aix, 294 p. : _bill. ; _c22 cm. |
||
| 504 | _aIncludes bibliographical references and index. | ||
| 650 | 0 |
_aBusiness _vDictionaries. _9182044 |
|
| 650 | 0 |
_aManagement _vDictionaries. _9182045 |
|
| 700 | 1 |
_aCanwell, Diane. _9176920 |
|
| 830 |
_aPalgrave key concepts _9182048 |
||
| 942 |
_2ddc _cBK |
||
| 999 |
_c61017 _d61017 |
||